All Olympic Hockey Gold Medal Winners (Men) - Statistics

General Stats
  • This quiz has been taken 157 times
    134 since last reset
  • The average score is 18 of 23
Answer Stats
Year Location Winner % Correct
2014 Sochi, Russia Canada
98%
2010 Vancouver, Canada Canada
98%
2002 Salt Lake City, USA Canada
96%
2006 Turin, Italy Sweden
93%
1980 Lake Placid, USA United States of America
84%
1968 Grenoble, France Soviet Union
82%
1964 Innsbruck, Austria Soviet Union
82%
1994 Lillehammer, Norway Sweden
82%
1984 Sarajevo, Bosnia and Herzegovina Soviet Union
81%
1976 Innsbruck, Austria Soviet Union
81%
1972 Sapporo, Japan Soviet Union
81%
1960 Squaw Valley, USA United States of America
81%
1956 Cortina D'Ampezzo, Italy Soviet Union
80%
1952 Oslo, Norway Canada
77%
1948 St. Moritz, Switzerland Canada
77%
1988 Calgary, Canada Soviet Union
77%
1924 Chamonix, France Canada
73%
1920 Antwerp, Belgium Canada
73%
1932 Lake Placid, USA Canada
72%
1928 St. Moritz, Switzerland Canada
71%
1998 Nagano, Japan Czech Republic
69%
1936 Garmisch-Partenkirchen, Germany Great Britain
46%
1992 Albertville, France Unified Team
29%
No matching quizzes found
Score Distribution
Percent of People with Each Score
Percentile by Number Answered
Your Score History
You have not taken this quiz since the last reset